000 01501nam0a22003731 4500
001 rc\74505
005 20021216130952.9
010 _a5-7509-0240-4
_910000
035 _a(NLR Aleph) 005346022
090 _a6745292
_c6745292
100 _a20021216d1991 u |0rusy50 ca
101 0 _arus
102 _aRU
105 _ay |||||||||
200 1 _aСаваоф в пустыне
_eРассказы
_fГеннадий Селигенин
210 _aРостов-на-Дону
_cКн. изд-во
_d1991
215 _a79, [1] с.
_d20
327 1 _aСодерж.: Саваоф в пустыне: Рассказ-притча; Мимикрия; Придавило; Паводок; Жил-был серенький козлик...; Колюня; Рита и баба Катя; Золотой; Динь-динь; Перебор: Отр. из рассказа
464 0 _12001#$aСаваоф в пустыне
464 0 _12001#$aМимикрия
464 0 _12001#$aПридавило
464 0 _12001#$aПаводок
464 0 _12001#$aЖил-был серенький козлик...
464 0 _12001#$aКолюня
464 0 _12001#$aРита и баба Катя
464 0 _12001#$aЗолотой
464 0 _12001#$aДинь-динь
464 0 _12001#$aПеребор
700 1 _aСелигенин
_bГ. Т.
_gГеннадий Тарасович
801 0 _aRU
_bNLR
_gpsbo
801 1 _aRU
_bELAR
_2rusmarc
852 _aNLR
_j91-4/6519
942 _cBOOK
980 _aNB